00760nam a22002297a 4500003000400000005001700004008004100021010001300062020001100075035003500086037001600121040001500137082001300152100002900165245011300194260004200307270005400349300003400403650003600437650004200473700001500515dpl20180630121945.0180522b xxu||||| |||| 00| 0 eng d aA-945831 c195.00 aA-945831, A-945839, A-945836 bCen Lib/Ret aDPLbENc0 a921bSHA aSharma, Chandrika Prasad aPoet politician Atal Bihari Vajpayee :cby Chandrika Prasad Sharma ; translated by Jai Ratanba biography / aNew DelhibKitab Ghar Prakashanc1998 a24, Ansari Road, Darya Ganj bNew Delhie110002 a261p. : c21cm(Hb)bcol. ill. aVajpayee, Atal Bihari, -- 1926- aPrime ministers -- India -- Biography aRatan, Jai